| Tag |
First Indicator |
Second Indicator |
Subfields |
| LEADER |
00000cam a2200000 a 4500 |
| 001 |
in00001406716 |
| 005 |
20151020072858.0 |
| 008 |
971031s1997 txu l s000 0 eng d |
| 035 |
|
|
|a (OCoLC)37876422
|
| 035 |
|
|
|9 AHQ3671AM
|
| 040 |
|
|
|a IKM
|c IKM
|d TXA
|d UtOrBLW
|
| 049 |
|
|
|a TXAO
|
| 086 |
|
|
|a S1500.5 SU74RG 1997
|2 txdocs
|
| 110 |
1 |
|
|a Texas.
|b Sunset Advisory Commission.
|
| 245 |
1 |
0 |
|a Sunset review in Texas :
|b guide to the Texas sunset process.
|
| 246 |
3 |
0 |
|a Guide to the Texas sunset process
|
| 264 |
|
1 |
|a Austin, Tex. :
|b Sunset Advisory Commission,
|c 1997.
|
| 300 |
|
|
|a 96 pages :
|b illustrations ;
|c 28 cm.
|
| 336 |
|
|
|a text
|b txt
|2 rdacontent
|
| 337 |
|
|
|a unmediated
|b n
|2 rdamedia
|
| 338 |
|
|
|a volume
|b nc
|2 rdacarrier
|
| 610 |
1 |
0 |
|a Texas.
|b Sunset Advisory Commission.
|
| 650 |
|
0 |
|a Sunset reviews of government programs
|z Texas.
|
| 650 |
|
0 |
|a Sunset reviews of government programs
|x Law and legislation
|z Texas.
|
| 999 |
|
|
|a MARS
|
| 999 |
f |
f |
|s 82ed487e-75d7-3c3d-a6c1-0cdfd63ec098
|i 15f5d058-47fd-3f98-a323-ab0ead2fb5c4
|t 0
|
| 952 |
f |
f |
|p normal
|a Texas A&M University
|b College Station
|c Sterling C. Evans Library
|d Evans: Texas Documents (Annex 5th floor)
|t 0
|e S1500.5 SU74RG 1997
|h Superintendent of Documents classification
|i unmediated -- volume
|m A14821807422
|
| 998 |
f |
f |
|a S1500.5 SU74RG 1997
|t 0
|l Evans: Texas Documents (Annex 5th floor)
|